| 000 -LEADER |
| fixed length control field |
01388cam a2200229 i 4500 |
| 020 ## - INTERNATIONAL STANDARD BOOK NUMBER |
| ISBN |
9780323793506 paperback |
| 082 ## - DEWEY DECIMAL CLASSIFICATION NUMBER |
| Classification number |
615.1 |
| Item number |
W92654 2024 |
| 100 1# - MAIN ENTRY--AUTHOR NAME |
| Personal name |
Workman, M. Linda, author. |
| 245 10 - TITLE STATEMENT |
| Title |
Understanding pharmacology : essentials for medication safety / M. Linda Workman, PhD, RN, FAAN, Linda LaCharity, PhD, RN. |
| 250 ## - EDITION STATEMENT |
| Edition statement |
Edition 3. |
| 260 ## - PUBLICATION, DISTRIBUTION, ETC. (IMPRINT) |
| Place of publication |
St. Louis, MO : |
| Name of publisher |
Elsevier, |
| Year of publication |
c2024. |
| 300 ## - PHYSICAL DESCRIPTION |
| Number of Pages |
xviii, 589 pages : |
| Other physical details |
illustrations (chiefly color) ; 28 cm |
| 500 ## - GENERAL NOTE |
| General note |
Includes bibliographical references and index. |
| 520 ## - SUMMARY, ETC. |
| Summary, etc |
Understanding Pharmacology: Essentials for Medication Safety, 3rd Edition uses a unique combination of simplified language, easy-to-follow headers, and engaging boxes and icons -- such as Memory Joggers, Critical Points for Safety, Do Not Confuse, and Drug Alerts -- to help you really understand how drugs work, instead of simply memorizing drug information. Updated drug tables with nursing implications ensure you are equipped with all the tools and information you need to safely prepare and administer drugs. Online case studies help you prepare for the Next Generation NCLEX-PN® and NCLEX-RN®. |
| 650 #0 - SUBJECT ADDED ENTRY--TOPICAL TERM |
| Topical Term |
Pharmacology. |
| 650 #0 - SUBJECT ADDED ENTRY--TOPICAL TERM |
| Topical Term |
Drugs -- Administration. |
| 650 #0 - SUBJECT ADDED ENTRY--TOPICAL TERM |
| Topical Term |
Medication errors -- Prevention. |
| 650 #0 - SUBJECT ADDED ENTRY--TOPICAL TERM |
| Topical Term |
Nursing. |
| 650 22 - SUBJECT ADDED ENTRY--TOPICAL TERM |
| Topical Term |
Pharmacological Phenomena. |
| 700 1# - ADDED ENTRY--PERSONAL NAME |
| Personal name |
LaCharity, Linda A. |
| 942 ## - ADDED ENTRY ELEMENTS (KOHA) |
| Koha item type |
Books |